ერთტომეული : (ბიბ.ჩანაწერი № 39900)
[ მარტივი ფორმატი ]
| 000 -ლიდერი | |
|---|---|
| ფიქსირებული სიგრძის საკონტროლო ველი | 00759nam a2200205Ia 4500 |
| 001 - საკონტროლო ნომერი | |
| საკონტროლო ველი | 6505 |
| 003 - საკონტროლო ნომრის იდენტიფიკატორი | |
| საკონტროლო ველი | GE_BSU |
| 005 - ბოლო ოპერაციის თარიღი და დრო | |
| საკონტროლო ველი | 20191119141934.0 |
| 008 - ფიქსირებული სიგრძის მონაცემთა ელემენტები - ზოგადი ინფორმაცია | |
| ფიქსირებული სიგრძის საკონტროლო ველი | 181216s1955||||g |||||||||||||| ||geo|| |
| 040 ## - კატალოგიზაციის წყარო | |
| Transcribing agency | GE_BSU |
| 041 ## - ენის კოდი | |
| Language code of text/sound track or separate title | geo |
| 080 ## - უნივერსალური ათობითი კლასიფიკაციის ინდექსი | |
| Universal Decimal Classification number | 821.353.1-1 გ-12 |
| 100 ## - მთავარი ჩანაწერი - პიროვნების სახელი | |
| Personal name | გაბესკირია, ვიქტორ |
| 9 (RLIN) | 5430 |
| 245 ## - ცნობა სათაურის შესახებ | |
| Title | ერთტომეული : |
| Remainder of title | ლექსები / |
| Statement of responsibility, etc | ვიქტორ გაბესკირია ; რედ. ი. ხოშტარია. |
| 264 ## - წარმოების, გამოცემის, დისტრიბუციის და სხვა ცნობები | |
| გამოცემის, წარმოების, დისტრიბუციის... ადგილი | თბილისი : |
| გამოცემის, წარმოების, დისტრიბუციის... სახელწოდება | სახელგამი, |
| გამოცემის, წარმოების, დისტრიბუციის... თარიღი | 1955. |
| 300 ## - ფიზიკური აღწერა | |
| Extent | 302 გვ. ; |
| Dimensions | 21 სმ. |
| 653 ## - INDEX TERM--UNCONTROLLED | |
| Uncontrolled term | ლექსები |
| 700 ## - ADDED ENTRY--PERSONAL NAME | |
| Personal name | ხოშტარია, ი. |
| Relator term | რეადაქტორი |
| 9 (RLIN) | 4108 |
| 942 ## - ADDED ENTRY ELEMENTS (KOHA) | |
| Koha item type | წიგნი |
| Source of classification or shelving scheme | |
| ჩამოწერის სტატუსი | დაკარგული ეგზემპლარის სტატუსი | კლასიფიკაციის წყარო ან თაროზე გაწყობის სქემა | დაზიანების სტატუსი | არ გაიცემა | მუდმივი მდებარეობა (დაცვის ადგილი) | ამჟამინდელი ადგილსამყოფელი | თაროზე განთავსების ადგილი | შეძენის თარიღი | ღირებულება, შესყიდვის ნორმალური ფასი | სრული შენახვის შიფრი | შტრიხკოდი | ბოლო ოპერაციის თარიღი | ფასის ძალაში შესვლის თარიღი | ეგზემპლარის სახეობა | საჯარო შენიშვნა | ეგზემპლარის მიმდევრობითი ნომერი (კეტერი?) |
|---|---|---|---|---|---|---|---|---|---|---|---|---|---|---|---|---|
| ბათუმის შოთა რუსთაველის სახელმწიფო უნივერსიტეტის მთავარი ბიბლიოთეკა | ბათუმის შოთა რუსთაველის სახელმწიფო უნივერსიტეტის მთავარი ბიბლიოთეკა | წიგნსაცავი | 2018-12-17 | 13.00 | 821.353.1-1 გ-12 | 14319 | 2018-12-17 | 2018-12-17 | წიგნი | 13 ლ. | ||||||
| ბათუმის შოთა რუსთაველის სახელმწიფო უნივერსიტეტის მთავარი ბიბლიოთეკა | ბათუმის შოთა რუსთაველის სახელმწიფო უნივერსიტეტის მთავარი ბიბლიოთეკა | წიგნსაცავი | 2018-12-17 | 13.00 | 821.353.1-1 გ-12 | 14320 | 2018-12-17 | 2018-12-17 | წიგნი | 13 ლ. | 14320 | |||||
| ბათუმის შოთა რუსთაველის სახელმწიფო უნივერსიტეტის მთავარი ბიბლიოთეკა | ბათუმის შოთა რუსთაველის სახელმწიფო უნივერსიტეტის მთავარი ბიბლიოთეკა | წიგნსაცავი | 2018-12-17 | 13.00 | 821.353.1-1 გ-12 | 14321 | 2018-12-17 | 2018-12-17 | წიგნი | 13 ლ. | 14321 | |||||
| ბათუმის შოთა რუსთაველის სახელმწიფო უნივერსიტეტის მთავარი ბიბლიოთეკა | ბათუმის შოთა რუსთაველის სახელმწიფო უნივერსიტეტის მთავარი ბიბლიოთეკა | წიგნსაცავი | 2018-12-17 | 13.00 | 821.353.1-1 გ-12 | 14322 | 2018-12-17 | 2018-12-17 | წიგნი | 13 ლ. | 14322 | |||||
| ბათუმის შოთა რუსთაველის სახელმწიფო უნივერსიტეტის მთავარი ბიბლიოთეკა | ბათუმის შოთა რუსთაველის სახელმწიფო უნივერსიტეტის მთავარი ბიბლიოთეკა | წიგნსაცავი | 2018-12-17 | 13.00 | 821.353.1-1 გ-12 | 14323 | 2018-12-17 | 2018-12-17 | წიგნი | 13 ლ. | 14323 |
